Daniel Gabriel Lichard und Slovenské noviny

Bibliographic Details
Main Author: Serafínová, Danuša (Author)
Format: Article
Language:Slovak
English
ISSN:0322-7049
Subjects:

MARC

LEADER 00000nab a2200000 a 4500
001 vtls010179560
003 SK-MaSNL
005 20260304155811.0
008 250507c2010 xo ||||||||||||00 b|slo
015 |a SNBRBL2010/10  |2 snkbucl 
035 |a (uuid)fb3c994e-eb26-4fb7-bb3a-657a7477a532 
035 |a urn:nbn:sk:snk-ab172s 
035 |a (urnnbn)urn:nbn:sk:snk:ar-a03hnb 
038 |a SNKBUCL 
040 |a SNKBUCL  |b slo  |c SNKBUCL  |e AACR2 
041 0 |a eng 
044 |a xo  |c SK 
080 |a 070.48  |x (091)  |2 2001 
080 |a 929 Lichard, Daniel Gabriel  |2 2001 
100 1 |a Serafínová, Danuša  |4 aut  |9 6800 
245 1 0 |a Daniel Gabriel Lichard und Slovenské noviny  |c Danuša Serafínová 
504 |a Bibliogr. odkazy 
600 1 7 |a Lichard, Daniel Gabriel,  |d 1812-1882  |2 snkbucl  |9 10856 
630 0 7 |a Slovenské noviny  |2 snkbucl  |9 486648 
773 0 |t Otázky žurnalistiky  |g Roč. 53, č. 1-2 (2010), s. 112-115  |x 0322-7049 
850 |a Slovenská národná knižnica 
852 |a Slovenská národná knižnica 
958 |a article27 
958 |a NB 
958 |a BC 
958 |a OND 
958 |a EUIPO 
999 |c 2964346  |d 2966276